Piensos tropicales: resúmenes informativos sobre piensos y valores nutritivos

Saved in:
Bibliografiske detaljer
Hovedforfatter: Göhl, Bo
Format: Bog
Sprog:spansk
Udgivet: Roma, Italia FAO 1982
Serier:Colección FAO: Producción y Sanidad Animal. 12
Fag:
Tags: Tilføj Tag
Ingen Tags, Vær først til at tagge denne postø!

MARC

LEADER 00000nam a2200000 a 4500
001 UCV7180
003 CL-VaPUC
005 20200811124750.0
008 890328e19820000IT |||||||||||||||||spa|d
999 |c 212902  |d 212900 
040 |c Pontificia Universidad Católica de Valparaíso 
082 0 4 |a 633.2 GOH 1982  |2 21 
100 0 |a Göhl, Bo  |9 301219 
245 1 0 |a Piensos tropicales: resúmenes informativos sobre piensos y valores nutritivos 
260 0 3 |a Roma, Italia  |b FAO  |c 1982 
300 |a 550 páginas 
490 0 |a Colección FAO: Producción y Sanidad Animal.  |v 12 
583 |a last modification  |c 19890328 00:00:00  |k Rodrigo Vera 
650 7 |a PLANTAS FORRAJERAS  |2 CL-VaPUC  |9 264229 
650 7 |a REGIONES TROPICALES  |2 CL-VaPUC  |9 264291 
650 7 |a PASTOS  |2 CL-VaPUC  |9 264233 
650 7 |a GANADO ALIMENTACION Y ALIMENTOS  |2 CL-VaPUC  |9 264292 
942 |c BK  |2 ddc 
945 |d 19890328 00:00:00 
952 |0 0  |1 0  |2 ddc  |4 0  |6 633_200000000000000_GOH_1982  |7 0  |8 A  |9 194741  |a BIBAGR  |b BIBAGR  |d 2019-11-14  |i 2628902  |o 633.2 GOH 1982  |p 2628902  |r 2025-01-20  |t 1  |w 2019-11-14  |y BK  |k AGR